000 00762nam a22002057a 4500
999 _c6894
_d6894
003 AR-CdUCM
008 190319b ||||| |||| 00| 0 spa d
040 _aMUNICIPALIDAD PROVINCIAL DEL CUSCO
_cBIBLIOTECA MUNICIPAL DEL CUSCO
082 _25ed.
_a640.7 /
_bC39
110 _aCentro Regional de Ayuda Técnica.
_910048
245 _aBuen gobierno del hogar en todo el mundo /
260 _aMéxico, D.F :
_bCentro Regional de Ayuda Técnica,
_c1970.
300 _a172 paginas ;
_bIlustraciones,
_c23 cm.
505 _aCuidado de los niños -- Alimentos y nutrición -- Administración Hogareña -- Salud y sanidad...
650 _aHogar
_91186
650 _aAlimentación
_919429
650 _aHigiene personal
_919430
942 _2ddc
_cLIBROS
945 _awnts